| 000 | 02269nam a2200313 i 4500 | ||
|---|---|---|---|
| 001 | 193960 | ||
| 003 | ItRI | ||
| 005 | 20250708200344.0 | ||
| 008 | 240115s2020 sp |||||| ||||| |||||c | ||
| 020 | _a9791220100588 | ||
| 040 |
_bita _cES-MaACL |
||
| 041 | 7 | _2ISO-639-2 | |
| 100 |
_aRuiz de Linares, Ernesto, _d1954- _0IT\ICCU\BVEV\272023 _9235445 _eaut |
||
| 245 | 1 | 0 |
_aMuerte civil / _cErnesto Ruiz de Linares. |
| 260 |
_aMadrid : _bEuropa, _c2020 |
||
| 300 |
_a177 p. ; _c21 cm |
||
| 336 |
_2rdacontent _atexto |
||
| 337 |
_2rdamedia _asin mediación |
||
| 338 |
_2rdacarrier _avolumen |
||
| 520 | _a¿Quién no ha pensado alguna vez en borrarse del mapa y ser otra persona? Saturio Martínez de Covaleda lleva tiempo anhelando desaparecer. Un día, decide activar el plan que viene diseñando hacia tiempo: fingir una muerte física para seguir viviendo de forma marginal. Y todo ello con el propósito de encontrar la libertad fuera de una sociedad que tan galopantemente va cercenando los derechos del hombre, para sumirle en una masa inerte, obediente, consumista y que camina en una dirección totalmente contraria al humanismo. Vivimos una época en la que todo el mundo se cree libre, pero, ¿cuánta libertad tenemos realmente? ¿Cuáles son sus límites y por qué no tenemos más? En un brillante ensayo novelado lleno de ingenio, ironía, modernidad, sociología, sexo y surrealismo que acaba con una gran dosis de ciencia ficción, el autor describe de forma cruda, pero divertida el hombre de hoy y su irresistible camino hacia el hombre cero. Un libro inteligente en el sentido que decía Leonardo Sciascia, de sintonizar con la inteligencia del lector para buscar su complicidad. | ||
| 830 | 0 |
_aEdificar universos _0IT\ICCU\BVE\0829692 _9235488 |
|
| 852 |
_aES-MaACL _bR.154971 _cDEPOJ _jN-9770 _xEncuadernación rústica _9205478 _pDonación: Ernesto Ruiz de Linares y Santisteban |
||
| 903 |
_9235445 _aRuiz de Linares, Ernesto, _d1954- _ednr |
||
| 942 |
_cMONOGRAFIA _n0 |
||
| 999 |
_c193960 _d193960 |
||